Statystyki dla Języki Eurazji

Kliknij tutaj aby rozwiązać quiz!

Ogólne statystyki

  • Ten quiz został rozwiązany 2 383 razy
  • Średni wynik to 77 z 92

Statystyki odpowiedzi

PaństwoJęzyk% Poprawnych
Hiszpaniahiszpański
99%
Francjafrancuski
98%
Monakofrancuski
98%
Szwajcariafrancuski
98%
Austrianiemiecki
98%
Belgianiemiecki
98%
Liechtensteinniemiecki
98%
Niemcyniemiecki
98%
Wielka Brytaniaangielski
97%
Pakistanangielski
97%
Polskapolski
97%
Rosjarosyjski
97%
Albaniaalbański
96%
Czechyczeski
96%
Chinychiński
95%
Chorwacjachorwacki
95%
Grecjagrecki
95%
Cyprgrecki
95%
Portugaliaportugalski
95%
Timor Wschodniportugalski
95%
Ukrainaukraiński
95%
Włochywłoski
95%
Watykanwłoski
95%
San Marinowłoski
95%
Arabia Saudyjskaarabski
94%
Bahrajnarabski
94%
Irakarabski
94%
Jordaniaarabski
94%
Katararabski
94%
Kuwejtarabski
94%
Libanarabski
94%
Omanarabski
94%
Syriaarabski
94%
Jemenarabski
94%
Zjednoczone Emiraty Arabskiearabski
94%
Daniaduński
94%
Słowacjasłowacki
94%
Bułgariabułgarski
93%
Estoniaestoński
93%
Finlandiafiński
93%
Norwegianorweski
93%
Rumuniarumuński
93%
Węgrywęgierski
93%
Białoruśbiałoruski
92%
Holandiaholenderski
92%
Irlandiairlandzki
92%
Japoniajapoński
92%
Serbiaserbski
92%
Słoweniasłoweński
92%
Tajwanchiński
91%
Islandiaislandzki
91%
Korea Południowakoreański
91%
Korea Północnakoreański
91%
Macedoniamacedoński
90%
Turcjaturecki
90%
Sri Lankahindi
89%
Indiehindi
89%
Litwalitewski
89%
Mołdawiamołdawski
89%
Łotwałotewski
88%
Szwecjaszwedzki
88%
Wietnamwietnamski
88%
Mongoliamongolski
86%
Czarnogóraczarnogórski
85%
Tajlandiatajski
83%
Maltamaltański
81%
Bośnia i Hercegowinabośniacki
80%
Filipinyfilipiński
80%
Kazachstankazachski
79%
Nepalnepalski
79%
Gruzjagruziński
77%
Indonezjaindonezyjski
75%
Luksemburgluksemburski
75%
Bruneimalajski
74%
Malezjamalajski
74%
Singapurmalajski
74%
Uzbekistanuzbecki
73%
Azerbejdżanazerski
65%
Kirgistankirgiski
65%
Turkmenistanturkmeński
64%
Afganistanafgański
62%
Tadżykistantadżycki
61%
Laoslaotański
60%
Kambodżakhmerski
55%
Malediwymalediwski
55%
Izraelhebrajski
53%
Armeniaormiański
45%
Iranperski
44%
Andorakataloński
34%
Bangladeszbengalski
33%
Mjanmabirmański
33%
Bhutantybetański
13%

Rozkład punktacji

Percentyl według liczby udzielonych odpowiedzi

Procent ludzi z każdym wynikiem

Twoja historia wyników

Nie rozwiązałeś tego quizu